Country Population Sort #4 - Statistics

General Stats
  • This quiz has been taken 21 times
  • The average score is 2 of 5
Answer Stats
Hint Explanation Answer % Correct
Most populated 69,138,192 (As of 2/2025) United Kingdom
67%
#2 56,432,944 (As of 2/2025) Kenya
61%
#3 45,696,159 (As of 2/2025) Argentina
50%
Least populated 28,405,543 (As of 2/2025) Venezuela
39%
#4 29,651,054 (As of 2/2025) Nepal
22%
No matching quizzes found
Score Distribution
Percent of People with Each Score
Percentile by Number Answered
Your Score History
You have not taken this quiz